| 000 | 00000nam##2200000za#4500 |
| 001 | 9.528027 |
| 003 | CaOODSP |
| 005 | 20200327070932 |
| 007 | ta |
| 008 | 150406|1997||||xxc||||| f|0| 0 fre|d |
| 020 | |a0-660-60096-X |
| 040 | |aCaOODSP|bfre |
| 041 | |aeng |
| 041 | |afre |
| 043 | |an-cn--- |
| 086 | 1 |aBT31-2/1998-III-48 |
| 110 | 1 |aCanada. |bConseil du trésor. |
| 245 | 10|aTransports Canada |
| 246 | 1 |iTitre alternatif : |aUn rapport sur les plans et les priorités: document pilote |
| 260 | |aOttawa - Ontario : |bSecrétariat du Conseil du Trésor du Canada |c1997. |
| 300 | |aTexte français, 57p. : |borganigramme, tableaux ; |c28 cm. |
| 490 | 1 |aBudget des dépenses 1997-1998, partie III: Plan de dépenses |
| 500 | |aN.B.: Un rapport sur les plans et les priorités: document pilote. |
| 546 | |aBilingue |
| 563 | |aCouverture souple |
| 590 | |a97-08|b1997-02-21 |
| 776 | 0#|tTransport Canada, 1997-98 estimates, a report on plans and priorities, pilot document |w(CaOODSP)9.567545 |
| 776 | 0#|tTransports Canada, budget des dépenses 1997-1998, un rapport sur les plans et les priorités, document pilote |w(CaOODSP)9.598878 |
| 791 | |tTransport Canada |eeng|w(CaOODSP)9.528026 |
| 830 | #0|aBudget des dépenses 1997-1998, partie III: Plan de dépenses.|w(CaOODSP)9.508959 |